PKO EKSTRAKLASA 23/24 KLUBY - Statystyki

Ogólne statystyki
  • Ten quiz został rozwiązany 241 razy
    152 od ostatniego zresetowania
  • Średni wynik to 16 z 18
Statystyki odpowiedzi
Odpowiedź % Poprawnych
Legia Warszawa
99%
Lech Poznań
98%
Raków Częstochowa
93%
Pogoń Szczecin
90%
Jagiellonia Białystok
89%
Ruch Chorzów
89%
Śląsk Wrocław
89%
ŁKS Łódź
88%
Górnik Zabrze
87%
Cracovia
86%
Piast Gliwice
85%
Widzew Łódź
85%
Puszcza Niepołomice
83%
Zagłębie Lubin
82%
Warta Poznań
80%
Stal Mielec
79%
Korona Kielce
78%
Radomiak Radom
75%
Nie znaleziono quizów pasujących do podanych kryteriów
Rozkład punktacji
Procent ludzi z każdym wynikiem
Percentyl według liczby udzielonych odpowiedzi
Twoja historia wyników
Nie rozwiązałeś tego quizu od ostatniego zresetowania